000 01297nam a2200337 i 4500
003 EG-GICUC
005 20260121101725.0
008 260113s2001 ua ||||fr|||| 001 0 ara d
017 _a2001/9534
020 _a9770434442
040 _a EG-GICUC
_bara
_c EG-GICUC
_d EG-GICUC
_erda
041 _aara
082 0 4 _a343.423
_bس ل . ح
_221
092 0 4 _221
099 _aLaw1 10 343.423 س ل . ح 2001 1006363
100 0 _aسلوى توفيق بكير.
_eمؤلف.
245 1 2 _aالحماية الجنائية للبيئة وتطبيقاتها في المملكة العربية السعودية /
_cالدكتورة سلوى توفيق بكير.
264 1 _aالقاهرة :
_bدار النهضة العربية،
_c2001.
300 _a176 صفحة ؛
_c24 سم.
336 _2rda content
_atext
337 _2rda media
_aComputer
338 _2rda carrier
_aOnline Resource
504 _aيشتمل على ارجاعات ببليوجرافية.
546 _aالنص باللغة العربية
650 1 _aالتشريعات المتعلقة بالبيئة.
_2qrmak
650 1 _aالتشريعات الجنائية الخاصة.
_2qrmak
651 1 _2qrmak
856 4 0 _uhttps://fll.law.cu.edu.eg/fulltext/bks/B10-06363.pdf
905 _a18
942 _2ddc
_n0
_cBK
_e21
999 _c56905
_d56905